[Event "Netanya op"]
[Site "Netanya"]
[Date "1987.??.??"]
[Round "6"]
[White "Behrhorst, Frank"]
[Black "Vistinietzki, Itzhak"]
[Result "1-0"]
[WhiteElo "2335"]
[BlackElo "2330"]

1.d4 Nf6 2.c4 e6 3.Nc3 Bb4 4.f3 d5 5.a3 Bxc3+ 6.bxc3 c5 7.e3 Nc6 8.cxd5 Nxd5
9.Bd2 O-O 10.Bd3 cxd4 11.cxd4 e5 12.e4 Nf4 13.Bxf4 exf4 14.Ne2 Nxd4 15.Nxf4 Qa5+
16.Kf1 Be6 17.Qe1 Qe5 18.Nxe6 Nxe6 19.Kf2 Qb2+ 20.Qe2 Nf4  1-0

[Event "URS-ch otbor"]
[Site "Norilsk"]
[Date "1987.??.??"]
[Round "?"]
[White "Moskalenko, Viktor"]
[Black "Shpilker, Boris"]
[Result "1/2-1/2"]
[WhiteElo "2435"]
[BlackElo "2425"]

1.d4 Nf6 2.c4 e6 3.Nc3 Bb4 4.f3 c5 5.d5 d6 6.e4 O-O 7.Bd3 Nbd7 8.Ne2 Ne5
9.O-O exd5 10.exd5 Nxd3 11.Qxd3 Ne8 12.f4 f5 13.b3 a6 14.a4 Bd7 15.Bb2 Ba5
16.Nd1 Qe7 17.Ng3 g6 18.Ra2 Ng7 19.Ba1 Rae8 20.Re2 Qf7 21.Rf3 Bd8 22.Rfe3 Bf6
23.Bc3 b6 24.Nf1 Nh5 25.g3 Rxe3 26.Nfxe3 Rb8 27.Kg2 Qg7 28.Bxf6 Qxf6 29.Qc3 Qxc3
30.Nxc3 Nf6 31.Nc2 b5 32.axb5 axb5 33.cxb5 Bxb5 34.Re6 Bd3 35.Rxf6 Bxc2 36.Rxd6 Rxb3
37.Na4 Rb5 38.Nb6 Bb3 39.Rc6 c4 40.Nxc4 Bxc4  1/2-1/2

[Event "URS-ch otbor"]
[Site "Norilsk"]
[Date "1987.??.??"]
[Round "?"]
[White "Moskalenko, Viktor"]
[Black "Vainerman, Igor"]
[Result "1-0"]
[WhiteElo "2435"]
[BlackElo "2385"]

1.d4 Nf6 2.c4 e6 3.Nc3 Bb4 4.f3 d5 5.a3 Bxc3+ 6.bxc3 c5 7.cxd5 Nxd5 8.dxc5 Qa5
9.e4 Nc7 10.Qd4 f6 11.Be3 Nc6 12.Qc4 e5 13.Qb3 Be6 14.Qxb7 Bd7 15.Qb3 Rb8
16.Qc2 Be6 17.Bd3 Ke7 18.Ne2 Rhd8 19.O-O Bb3 20.Qd2 Ne6 21.Nc1 Nxc5 22.Bxc5+ Qxc5+
23.Kh1 Bc4 24.Qc2 Na5 25.f4 exf4 26.e5 fxe5 27.Re1 h6 28.Qe2 Kf6 29.Qe4 Bxd3
30.Nxd3 Qd5 31.Nxe5 Qxe4 32.Rxe4 Kf5 33.Rae1 Rbc8 34.g4+ fxg3 35.hxg3 g5
36.Nf7 Rd3 37.Nxh6+ Kg6 38.Re6+ Kh5 39.Kg2 Rd2+ 40.Kh3 Rxc3 41.Ng4 Rc6 42.Rxc6  1-0

[Event "URS-ch otbor"]
[Site "Norilsk"]
[Date "1987.??.??"]
[Round "?"]
[White "Huzman, Alexander"]
[Black "Lerner, Konstantin Z"]
[Result "1/2-1/2"]
[WhiteElo "2500"]
[BlackElo "2525"]

1.d4 Nf6 2.c4 e6 3.Nc3 Bb4 4.f3 d5 5.a3 Be7 6.e4 dxe4 7.fxe4 e5 8.d5 a5 9.Bd3 O-O
10.Nf3 Bg4 11.O-O Nbd7 12.Qe1 c6 13.Qg3 cxd5 14.cxd5 Bxf3 15.Rxf3 Qb6+ 16.Kh1 Rac8
17.Rb1 Bc5 18.Bg5 Nh5 19.Qh3 Qg6 20.Bd2 Nhf6 21.Rbf1 Qg4 22.Qxg4 Nxg4 23.Bb5 Nb6
24.Bd3 Nd7 25.Bb5 Nb6 26.Bd3 Nd7  1/2-1/2

[Event "Bohemians"]
[Site "Prague"]
[Date "1987.??.??"]
[Round "?"]
[White "Danner, Georg"]
[Black "Trepp, Markus"]
[Result "1/2-1/2"]
[WhiteElo "2405"]
[BlackElo "2405"]

1.d4 Nf6 2.c4 e6 3.Nc3 Bb4 4.f3 c5 5.d5 Bxc3+ 6.bxc3 d6 7.e4 Qa5 8.Qb3 Nbd7
9.Ne2 O-O 10.Ng3 b5 11.dxe6 fxe6 12.cxb5 d5 13.exd5 exd5 14.Be2 a6 15.bxa6 Bxa6
16.O-O Bxe2 17.Nxe2 Rab8 18.Qc2 Nb6 19.Qd3 Nc4 20.Nf4 Ne5 21.Qc2 Rfe8 22.g4 d4
23.g5 Nfd7 24.cxd4 cxd4 25.Rb1 Rxb1 26.Qxb1 Nc5 27.Qb2  1/2-1/2

[Event "Primorsko op"]
[Site "Primorsko"]
[Date "1987.??.??"]
[Round "10"]
[White "Ionescu Ilie, Viorica"]
[Black "Csonkics, Tunde"]
[Result "0-1"]
[WhiteElo "2220"]
[BlackElo "2270"]

1.d4 Nf6 2.c4 e6 3.Nc3 Bb4 4.f3 d5 5.a3 Be7 6.cxd5 exd5 7.e4 O-O 8.Be2 Be6
9.Be3 Nbd7 10.e5 Ne8 11.f4 f6 12.Nf3 fxe5 13.fxe5 c6 14.O-O Nc7 15.Rc1 Bf5
16.Bd3 Bxd3 17.Qxd3 Ne6 18.Ne2 Nb6 19.Nd2 Bg5 20.Rxf8+ Qxf8 21.Bxg5 Nxg5
22.Rf1 Qe7 23.Ng3 Qe6 24.h4 Nf7 25.Nf5 Nd7 26.Qg3 g6 27.h5 Qe8 28.h6 Rc8
29.Ng7 Qe7 30.Rxf7 Qxf7 31.e6 Qf6 32.exd7 Qxd4+ 33.Qf2 Qxf2+ 34.Kxf2 Rd8
35.Ne6 Rxd7 36.b4 Kf7 37.Nd4 Kf6 38.N2f3 Re7 39.g4 g5 40.Nf5 Re4 41.Kg3 b6
42.N3d4 c5 43.Nc2 d4 44.bxc5 bxc5 45.Kf3 Rf4+ 46.Kg3 Rf1  0-1

[Event "Santa Catalina"]
[Site "Santa Catalina"]
[Date "1987.??.??"]
[Round "?"]
[White "Armas, Jorge"]
[Black "Morovic Fernandez, Ivan"]
[Result "1/2-1/2"]
[WhiteElo "2455"]
[BlackElo "2525"]

1.d4 e6 2.c4 Nf6 3.Nc3 Bb4 4.f3 d5 5.a3 Be7 6.e4 dxe4 7.fxe4 e5 8.d5 Bc5
9.Bg5 Bd4 10.Bd3 h6 11.Bh4 c6 12.Qc2 Nbd7 13.Nf3 Qe7 14.Rf1 Nc5 15.O-O-O  1/2-1/2

[Event "URS-FL"]
[Site "Sverdlovsk"]
[Date "1987.??.??"]
[Round "?"]
[White "Huzman, Alexander"]
[Black "Kharitonov, Andrei Y"]
[Result "1/2-1/2"]
[WhiteElo "2500"]
[BlackElo "2450"]

1.d4 Nf6 2.c4 e6 3.Nc3 Bb4 4.f3 d5 5.a3 Bxc3+ 6.bxc3 c5 7.cxd5 Nxd5 8.dxc5 Qa5
9.e4 Ne7 10.Be3 O-O 11.Qb3 Nbc6 12.Bc4 Qc7 13.Ne2 Na5 14.Qa4 Ng6 15.Ba2 Ne5
16.O-O Bd7 17.Qb4 Nd3 18.Qd4 Bb5 19.c4 Rfd8 20.Qc3 Ba4 21.Nd4 Nc6 22.Nb5 Qa5  1/2-1/2

[Event "URS-FL"]
[Site "Sverdlovsk"]
[Date "1987.??.??"]
[Round "?"]
[White "Huzman, Alexander"]
[Black "Psakhis, Lev"]
[Result "1/2-1/2"]
[WhiteElo "2500"]
[BlackElo "2575"]

1.d4 Nf6 2.c4 e6 3.Nc3 Bb4 4.f3 c5 5.d5 Bxc3+ 6.bxc3 d6 7.e4 e5 8.Bd3 Nbd7
9.Ne2 Nf8 10.Bc2 Kd7 11.Be3 Kc7 12.Ng3 h5 13.h4 Ne8 14.Rb1 Ng6 15.Nf5 Ne7
16.Ng3 Ng6 17.Nf5 Ne7 18.Ng3  1/2-1/2

[Event "Armed Forces-ch "]
[Site "Sverdlovsk"]
[Date "1987.??.??"]
[Round "?"]
[White "Huzman, Alexander"]
[Black "Oll, Lembit"]
[Result "1/2-1/2"]
[WhiteElo "2435"]
[BlackElo "2440"]

1.d4 Nf6 2.c4 e6 3.Nc3 Bb4 4.f3 c5 5.d5 Nh5 6.g3 Bxc3+ 7.bxc3 f5 8.f4 Nf6
9.Bg2 O-O 10.Nf3 d6 11.O-O Qe7 12.Rb1 Nbd7 13.Ng5 Nb6 14.e4 fxe4 15.Nxe4 exd5
16.Nxf6+ Qxf6 17.Bxd5+ Kh8 18.Re1 Bf5 19.Rb2 h6 20.g4 Bd7 21.f5 Rae8 22.Rbe2 Nxd5
23.cxd5 Qxc3 24.Bb2 Qb4 25.h3 Qf4 26.Qb3 Rxe2 27.Rxe2 Re8  1/2-1/2

[Event "Tashkent"]
[Site "Tashkent"]
[Date "1987.??.??"]
[Round "?"]
[White "Malaniuk, Vladimir P"]
[Black "Naumkin, Igor"]
[Result "1-0"]
[WhiteElo "2545"]
[BlackElo "2470"]

1.d4 Nf6 2.c4 e6 3.Nc3 Bb4 4.f3 d5 5.a3 Bxc3+ 6.bxc3 c5 7.cxd5 exd5 8.e3 Bf5
9.Ne2 O-O 10.g4 Bg6 11.Nf4 Nbd7 12.Bg2 Rc8 13.O-O Nb6 14.Ra2 Rc7 15.h3 Re8
16.h4 h6 17.Nxg6 fxg6 18.Qd3 Rc6 19.a4 Nh7 20.dxc5 Rxc5 21.Qxg6 Nf8 22.Qd3 Qxh4
23.Ba3 Rc7 24.a5 Nc4 25.Qxd5+ Kh8 26.Qb5 Re5 27.Qb4 Ne6 28.a6 b6 29.Bc1 Nxe3
30.Qd6 Nc4 31.Qd3 Rec5 32.Re2 R5c6 33.Rfe1 Nf8 34.Re8 Rf7 35.Qd5 Rcc7 36.g5 Rcd7
37.Qa8 Kh7 38.Rf1 Ng6 39.Re4 Nf4 40.g6+ Kxg6 41.Bxf4 Rxf4 42.Qc6+ Rd6 43.Qxc4 Rdf6
44.Qd3 Kh5 45.Qd7 Qg5 46.Rxf4 Rxf4 47.Rd1 Qc5+ 48.Rd4  1-0

[Event "Tashkent"]
[Site "Tashkent"]
[Date "1987.??.??"]
[Round "?"]
[White "Malaniuk, Vladimir P"]
[Black "Kuzmin, Gennadi P"]
[Result "1/2-1/2"]
[WhiteElo "2545"]
[BlackElo "2470"]

1.d4 Nf6 2.c4 e6 3.Nc3 Bb4 4.f3 c5 5.d5 O-O 6.e4 exd5 7.cxd5 Re8 8.Nh3 d6
9.Nf2 Qa5 10.Bd2 Qc7 11.Rc1 a6 12.Be2 Nbd7 13.O-O b5 14.Nxb5 axb5 15.Bxb4 Qb8
16.Bc3 b4 17.Bxf6 Nxf6 18.Ra1 Ba6 19.Nd3 Qb6 20.Rf2 c4 21.Nc1 Rac8 22.Bf1 Nd7
23.Ne2 c3 24.Qd4 cxb2 25.Qxb2 Bxe2 26.Qxe2 f5 27.Rd1 fxe4 28.fxe4 Nf6 29.Qb5 Qe3
30.Qd3 Qc5 31.Qb5 Rxe4 32.Qxc5 Rxc5 33.Rfd2 Kf8 34.g3  1/2-1/2

[Event "URS Army-ch"]
[Site "Tashkent"]
[Date "1987.??.??"]
[Round "?"]
[White "Legky, Nikolay A"]
[Black "Nenashev, Alexander"]
[Result "1-0"]
[WhiteElo "2350"]
[BlackElo "2420"]

1.d4 Nf6 2.c4 e6 3.Nc3 Bb4 4.f3 d5 5.a3 Be7 6.e4 dxc4 7.Bxc4 c5 8.Nge2 a6
9.dxc5 Qxd1+ 10.Nxd1 Bxc5 11.b4 Bd6 12.Bb2 Nbd7 13.Nf2 Nb6 14.Bb3 Be7 15.Nd3 Bd7
16.Rc1 Ba4 17.Nc5 Bxc5 18.bxc5 Bxb3 19.cxb6 O-O 20.Rc7 Rac8 21.Kf2 Rxc7 22.bxc7 Ba4
23.Bxf6 gxf6 24.Rb1 Rc8 25.Rxb7 Kf8 26.Rb8 Bd7 27.Nc3 Ke7 28.Rxc8 Bxc8 29.Na4 Kd6
30.Nb6 Kxc7 31.Nxc8 Kxc8 32.Kg3 Kd7 33.Kh4 Ke7 34.Kh5 Kf8 35.Kh6 Kg8 36.f4 Kh8
37.g4 Kg8 38.h4 a5 39.a4 Kh8 40.e5 fxe5 41.fxe5 Kg8 42.g5 Kh8 43.h5 Kg8 44.g6 Kh8
45.gxh7  1-0

[Event "Trnava"]
[Site "Trnava"]
[Date "1987.??.??"]
[Round "?"]
[White "Danner, Georg"]
[Black "Govedarica, Radovan"]
[Result "0-1"]
[WhiteElo "2405"]
[BlackElo "2425"]

1.d4 Nf6 2.c4 e6 3.Nc3 Bb4 4.f3 d5 5.a3 Bxc3+ 6.bxc3 O-O 7.e3 c5 8.cxd5 exd5
9.Bd3 b6 10.Ne2 Ba6 11.O-O Qc8 12.e4 Bxd3 13.Qxd3 Qa6 14.Qe3 Nc6 15.e5 Ne8
16.dxc5 bxc5 17.Qxc5 Nxe5 18.Nf4 Rc8 19.Qxd5 Nc4 20.a4 Nf6 21.Qb5 Qd6 22.Nh5 Nd5
23.Rd1 Rc5 24.Qb7 Qe5 25.Ng3 Nxc3 26.Rf1 Qd4+ 27.Kh1 Ne2 28.Nxe2 Qxa1 29.Qxa7 Ra5
30.Qc7 Qxa4 31.Ng3 Qb5 32.Bf4 Rfa8 33.h3 h5 34.Kh2 h4 35.Ne4 R5a7 36.Nc3 Rxc7
37.Nxb5 Re7 38.Bg5 Re5 39.Nc7 Ra4 40.Rd1 Nb2 41.Rd8+ Kh7 42.f4 Re2 43.Rb8 Nd3
44.Rb3 Nxf4 45.Bxf4 Rxf4 46.Rb5 Kh6 47.Rb6+ g6 48.Rb1 Rff2 49.Rg1 Re5  0-1

[Event "Baku"]
[Site "Baku"]
[Date "1988.??.??"]
[Round "?"]
[White "Huzman, Alexander"]
[Black "Zolnierowicz, Krzysztof"]
[Result "1-0"]
[WhiteElo "2465"]
[BlackElo "2440"]

1.d4 Nf6 2.c4 e6 3.Nc3 Bb4 4.f3 c5 5.d5 d6 6.e4 O-O 7.Bd3 b5 8.Ne2 bxc4 9.Bxc4 exd5
10.Bxd5 Nxd5 11.Qxd5 Qb6 12.Kf2 Nc6 13.Be3 Ba6 14.Rhd1 Rad8 15.Qb3 Ne5 16.Nd5 Qb7
17.Nef4 Bc4 18.Qc2 Rd7 19.Kg1 Ba5 20.Bd2 Bxd2 21.Rxd2 Rb8 22.Ne3 Qa6 23.b3 Be6
24.Rad1 Rbd8 25.Qc3 Nc6 26.Nh5 f6 27.Nf4 Bf7 28.Nf5 Nb4 29.Qb2 Qb6 30.Kh1 a5
31.g4 d5 32.exd5 Qb7 33.Qc3 Nxd5 34.Nxd5 Bxd5 35.Kg1 Bxf3 36.Rxd7 Rxd7 37.Rxd7 Qxd7
38.Qxf3  1-0

[Event "URS-ch otbor56"]
[Site "Barnaul"]
[Date "1988.??.??"]
[Round "?"]
[White "Vladimirov, Evgeny"]
[Black "Zagrebelny, Sergey"]
[Result "1-0"]
[WhiteElo "2540"]
[BlackElo "2320"]

1.d4 Nf6 2.c4 e6 3.Nc3 Bb4 4.f3 c5 5.d5 d6 6.e4 Bxc3+ 7.bxc3 e5 8.Bd3 Nbd7
9.Ne2 Nf8 10.h4 h5 11.Bg5 N8h7 12.Bd2 Kd7 13.Ng3 Kc7 14.Qb3 b6 15.O-O-O Nf8
16.Nf1 Ng8 17.Re1 f6 18.Ng3 Rb8 19.Qa3 Rb7 20.Bc2 Kb8 21.Ba4 a6 22.Bc2 Ka7
23.Kb1 Qe8 24.Re2 Ne7 25.Qc1 Bd7 26.Ka1 Nc8 27.Nf1 b5 28.Ne3 Nb6 29.Qa3 Ng6
30.cxb5 Bxb5 31.Ree1 Qd7 32.Bb3 Rhb8 33.c4 Ba4 34.Rb1 Nf4 35.Rhe1 Bxb3 36.Rxb3 Nc8
37.Qxa6+ Kxa6 38.Ra3+  1-0

[Event "URS-ch otbor56"]
[Site "Barnaul"]
[Date "1988.??.??"]
[Round "?"]
[White "Yakovich, Yuri"]
[Black "Vyzmanavin, Alexey"]
[Result "1/2-1/2"]
[WhiteElo "2450"]
[BlackElo "2565"]

1.d4 Nf6 2.c4 e6 3.Nc3 Bb4 4.f3 c5 5.d5 Bxc3+ 6.bxc3 d6 7.e4 e5 8.Ne2 Nh5
9.h4 Nf6 10.Ng3 O-O 11.Bd3 Re8 12.Rb1 Nbd7 13.Nf5 Nf8 14.Ne3 Nh5 15.Kf2 Nf4
16.Bf1 h5 17.g3 N4g6 18.Bd3 Nh7 19.Nf5 b6 20.Ne3 Qf6 21.Bd2 Bd7 22.Qc2 Qd8
23.Rbg1 Nf6 24.Nf1 Nh7 25.Qc1 Kh8 26.Rh2 Qc8 27.Qc2 Rb8 28.Ne3 Nf6 29.Kg2 Ne7
30.Kh1 Neg8 31.Rf2 Nh6 32.Nf1 Nfg8 33.Ne3 g6 34.g4 hxg4 35.fxg4 Nxg4 36.Nxg4 Bxg4
37.Rxf7 Bd1 38.Rxd1 Qh3+ 39.Kg1 Qg3+ 40.Kh1 Qh3+ 41.Kg1 Qg3+  1/2-1/2

[Event "URS-ch otbor56"]
[Site "Barnaul"]
[Date "1988.??.??"]
[Round "?"]
[White "Kishnev, Sergey"]
[Black "Kudriashov, Anatoli"]
[Result "1/2-1/2"]
[WhiteElo "2375"]
[BlackElo "2390"]

1.d4 Nf6 2.c4 e6 3.Nc3 Bb4 4.f3 d5 5.Bg5 h6 6.Bh4 O-O 7.e3 c5 8.a3 cxd4 9.axb4 dxc3
10.bxc3 b6 11.cxd5 exd5 12.Bd3 Re8 13.Ne2 Rxe3 14.O-O Nbd7 15.Qd2 Re5 16.Nd4 Bb7
17.Bg3 Re8 18.Nb5 Ne5 19.Bxe5 Rxe5 20.Nxa7 Re7 21.Nb5 Bc6 22.Nd4 Be8 23.Ra2 Rea7
24.Rfa1 Rxa2 25.Rxa2 Rxa2 26.Qxa2 Qc7 27.Qd2 Qe5 28.g3 Bd7 29.Kf2 Kf8 30.Ne2 Ne8
31.Qa2 g5 32.Qa8 Kg7 33.Qd8 Qc7 34.Qe7 Qd6 35.Qe3 Nf6 36.Qd4 Qe6 37.h4 Kf8
38.hxg5 hxg5 39.c4 dxc4 40.Bxc4 Qc6 41.g4 Bc8 42.Bd3 Bb7 43.Qd8+ Ne8 44.Be4 Qd6
45.Qxd6+ Nxd6 46.Bxb7 Nxb7 47.Nc3 Nd6 48.Ke3 f5 49.Kd4 fxg4 50.fxg4 Nf7 51.Nd5 Nh6
52.Ne3 Ke7 53.Nd5+ Kd7 54.b5 Ng8 55.Ke5 Nh6 56.Kd4 Ng8 57.Ke5 Nh6 58.Kf6 Nxg4+  1/2-1/2

[Event "GMA-Open"]
[Site "Belgrade"]
[Date "1988.??.??"]
[Round "?"]
[White "Moskalenko, Viktor"]
[Black "Bebchuk, Evgeni"]
[Result "1-0"]
[WhiteElo "2475"]
[BlackElo "2350"]

1.d4 Nf6 2.c4 e6 3.Nc3 Bb4 4.f3 d5 5.a3 Bxc3+ 6.bxc3 b6 7.cxd5 exd5 8.e3 O-O
9.Bd3 Ba6 10.Bxa6 Nxa6 11.Ne2 c5 12.O-O Re8 13.Ng3 Qd7 14.Qd3 Qa4 15.e4 cxd4
16.cxd4 dxe4 17.fxe4 Rad8 18.Rxf6 Rxd4 19.Qe2 gxf6 20.Qg4+ Kh8 21.Bb2 Nc5
22.Nf5 Rg8 23.Qf3 Rxg2+ 24.Qxg2 Rd1+ 25.Rxd1 Qxd1+ 26.Qf1 Qxf1+ 27.Kxf1 Nxe4
28.Ke2 Kg8 29.Kd3 Nc5+ 30.Kc4 h5 31.Bxf6 Kh7 32.Ne7 a6 33.Bd4 Nd7 34.Kd5  1-0

[Event "GMA-Open"]
[Site "Belgrade"]
[Date "1988.??.??"]
[Round "?"]
[White "Yakovich, Yuri"]
[Black "Brkljaca, Ante"]
[Result "1/2-1/2"]
[WhiteElo "2450"]
[BlackElo "2355"]

1.d4 Nf6 2.c4 e6 3.Nc3 Bb4 4.f3 c5 5.d5 d6 6.e4 Bxc3+ 7.bxc3 e5 8.Ne2 Nbd7
9.Ng3 Nf8 10.h4 h6 11.Bd3 N8h7 12.Be3 Rg8 13.Qd2 Qe7 14.Rb1 g5 15.hxg5 hxg5
16.Kf2 Kd8 17.Rh6 Kc7 18.Rbh1 Rg7 19.Nh5 Nxh5 20.R1xh5 f6 21.Qc1 Bd7 22.Qh1 Nf8
23.Rh8 Re8 24.g3 Ng6 25.Rxe8 Qxe8 26.Bf1 Bc8 27.Rh6 Qf7 28.Qh5 Bd7 29.Bh3 Nf8
30.Qxf7 Rxf7 31.Bf1 Kd8 32.Bh3 Bxh3 33.Rxh3 Rh7 34.Rxh7 Nxh7 35.Ke2 Ke7 36.f4 gxf4
37.gxf4 exf4 38.Bxf4 Nf8 39.Kf3 Nd7 40.Kg4 Nb6 41.Kf5 Kd7 42.Kxf6 Nxc4 43.Kf5 b5
44.e5 dxe5 45.Bxe5 Nxe5 46.Kxe5 a5 47.d6 a4 48.Kd5 b4 49.cxb4 cxb4 50.Kc4 b3
51.axb3 axb3 52.Kxb3 Kxd6  1/2-1/2

[Event "GMA-Open"]
[Site "Belgrade"]
[Date "1988.??.??"]
[Round "?"]
[White "Yakovich, Yuri"]
[Black "Jovic, Aleksandar"]
[Result "1-0"]
[WhiteElo "2450"]
[BlackElo "2290"]

1.d4 e6 2.c4 Nf6 3.Nc3 Bb4 4.f3 c5 5.d5 b5 6.e4 bxc4 7.Bxc4 Nxd5 8.Bxd5 exd5
9.Qxd5 Nc6 10.Ne2 Ba6 11.Be3 O-O 12.Kf2 Rb8 13.Rab1 Re8 14.Bf4 Rb7 15.Rhd1 Qf6
16.Bg5 Qe5 17.Qxe5 Nxe5 18.Nd5 Ba5 19.b3 h6 20.Bd2 Bd8 21.Nec3 f5 22.Kg1 Bd3
23.Rbc1 fxe4 24.Nxe4 Bxe4 25.fxe4 d6 26.Rc2 Nc6 27.Rc4 Rf7 28.Bf4 Re6 29.Bg3 Nd4
30.Re1 Bg5 31.Bf2 Nc6 32.Ra4 a5 33.h3 Bd8 34.Bg3 Nb4 35.Nf4 Re8 36.Rd1 Bf6
37.a3 Nc2 38.Nd5 Bd4+ 39.Kh2 Rxe4 40.Bxd6 Rd7 41.Nc3 Rxd6  1-0

[Event "GMA-Open"]
[Site "Belgrade"]
[Date "1988.??.??"]
[Round "?"]
[White "Huzman, Alexander"]
[Black "Crawley, Gavin"]
[Result "1/2-1/2"]
[WhiteElo "2465"]
[BlackElo "2380"]

1.d4 Nf6 2.c4 e6 3.Nc3 Bb4 4.f3 d5 5.a3 Be7 6.e4 c5 7.cxd5 cxd4 8.Qxd4 Nc6
9.Qd1 exd5 10.exd5 Ne5 11.Bb5+ Bd7 12.Qe2 Qb8 13.Bf4 Nd3+ 14.Qxd3 Qxf4 15.Nge2 Qd6
16.Bxd7+ Qxd7 17.O-O O-O 18.Ng3 Rad8 19.Rad1 Bd6 20.Nge4 Be5 21.f4 Bxc3 22.Nxc3 Qd6
23.Qd4 a6 24.Rfe1 h6 25.h3 Rfe8 26.Re5 Nd7 27.Ne4 Qg6 28.f5 Qh5 29.Rxe8+ Rxe8
30.Rf1 Qh4 31.Rf4 Qe1+ 32.Kh2 f6 33.d6 Kh7 34.Nc5 Nxc5 35.Qxc5 Re2 36.Rg4 h5
37.Rg6 Re8 38.d7 Rd8 39.Qd5 Qe7 40.Qf3 Qe5+ 41.Rg3 Kh6 42.h4 Rxd7 43.Kh3 Rd5
44.Rg6+ Kh7 45.Qxh5+ Kg8  1/2-1/2

[Event "Berlin op"]
[Site "Berlin-West"]
[Date "1988.??.??"]
[Round "3"]
[White "Ionescu Ilie, Viorica"]
[Black "Razuvaev, Yuri S"]
[Result "0-1"]
[WhiteElo "2155"]
[BlackElo "2535"]

1.d4 Nf6 2.c4 e6 3.Nc3 Bb4 4.f3 d5 5.a3 Be7 6.e4 c5 7.e5 Nfd7 8.f4 cxd4 9.Qxd4 Nc6
10.Qd1 Nb6 11.cxd5 Nxd5 12.Nxd5 exd5 13.Nf3 Bg4 14.Be3 d4 15.Bf2 Bxf3 16.gxf3 Bh4
17.Bg3 Be7 18.Bd3 Qb6 19.Qe2 O-O 20.Qe4 g6 21.f5 Qxb2 22.O-O Qd2 23.Bf4 Qa5
24.f6 Bd8 25.Rfe1 Re8 26.Bg5 Rxe5 27.Qh4 Rxg5+  0-1

[Event "Bern op"]
[Site "Bern"]
[Date "1988.??.??"]
[Round "?"]
[White "Raicevic, Vladimir"]
[Black "Svendsen, Thomas"]
[Result "1-0"]
[WhiteElo "2475"]
[BlackElo "1950"]

1.d4 Nf6 2.c4 e6 3.Nc3 Bb4 4.f3 c5 5.d5 b5 6.e4 exd5 7.cxd5 O-O 8.a3 Bxc3+
9.bxc3 Nh5 10.Be3 d6 11.g4 Nf6 12.Ne2 Re8 13.Ng3 Qa5 14.Qd2 Bb7 15.c4 Qxd2+
16.Kxd2 bxc4 17.Bxc4 g6 18.Rab1 Ba6 19.Bxa6 Nxa6 20.Rb7 Reb8 21.Rhb1 Nd7
22.Bf4 Nb6 23.Rxb8+ Rxb8 24.Kd3 Nc8 25.Rxb8 Nxb8 26.g5 f6 27.h4 Nd7 28.Nf1 Ne5+
29.Ke2 Nc4 30.gxf6 Kf7 31.Bg5 N8b6 32.Ne3 Nxe3 33.Kxe3 Nc4+ 34.Kd3 Nxa3 35.Bc1 Nb5
36.Bb2 Nc7 37.f4 h6 38.Kc4 a6 39.e5 Nb5 40.e6+ Kf8 41.f7 h5 42.f5 gxf5 43.Bc1  1-0

[Event "Bern op"]
[Site "Bern"]
[Date "1988.??.??"]
[Round "?"]
[White "Raicevic, Vladimir"]
[Black "Bottema, Tom"]
[Result "1-0"]
[WhiteElo "2475"]
[BlackElo "2240"]

1.d4 Nf6 2.c4 e6 3.Nc3 Bb4 4.f3 d5 5.a3 Be7 6.e4 dxe4 7.fxe4 e5 8.d5 Bc5
9.Bg5 h6 10.Bh4 O-O 11.Qf3 Bg4 12.Bxf6 Qxf6 13.Qxf6 gxf6 14.h3 Bd7 15.Bd3 a5
16.Nge2 Na6 17.Rf1 Kg7 18.Kd2 Rg8 19.Rf3 Kf8 20.g4 Rg6 21.Ng3 Bd4 22.Raf1 Bxc3+
23.Kxc3 Ke7 24.Nh5 Nc5 25.Nxf6 Ba4 26.Rf5 Kd6 27.Nh5 Be8 28.Bc2 Nd7 29.Ng3 a4
30.Kb4 Ke7 31.Bxa4 Rb6+ 32.Bb5 c6 33.a4 cxb5 34.axb5 f6 35.R5f2 Rc8 36.Rc2 Rc5
37.Rfc1 Bg6 38.Ka4 Rc8 39.c5 Nxc5+ 40.Rxc5 Ra8+ 41.Kb4 Ra2 42.R1c2 Ra1 43.Rc7+ Kf8  1-0

[Event "BCF-ch"]
[Site "Blackpool"]
[Date "1988.??.??"]
[Round "?"]
[White "Murshed, Niaz"]
[Black "Kosten, Anthony C"]
[Result "1-0"]
[WhiteElo "2475"]
[BlackElo "2510"]

1.d4 Nf6 2.c4 e6 3.Nc3 Bb4 4.f3 c5 5.d5 Nh5 6.g3 f5 7.e4 f4 8.Ne2 e5 9.Bh3 O-O
10.d6 Nc6 11.O-O Bxc3 12.bxc3 b6 13.gxf4 Nxf4 14.Bxf4 exf4 15.Kh1 Ba6 16.Qd5+ Kh8
17.Rg1 Na5 18.Qh5 Bxc4 19.Bf5 Rxf5 20.exf5 Bxe2 21.Rae1 Bc4 22.Rxg7 Kxg7
23.Re7+ Qxe7 24.dxe7 Bf7 25.Qg5+ Kh8 26.Qf6+ Kg8 27.Qg5+ Kh8 28.Qf6+ Kg8
29.Qh6 Bd5 30.f6 Bxf3+ 31.Kg1 Kf7 32.Qg7+ Ke6 33.f7 Kxe7 34.f8=Q+ Ke6 35.Qff7+  1-0

[Event "URS-ch otbor56"]
[Site "Blagoveshchensk"]
[Date "1988.??.??"]
[Round "?"]
[White "Moskalenko, Viktor"]
[Black "Novikov, Igor A"]
[Result "1/2-1/2"]
[WhiteElo "2475"]
[BlackElo "2500"]

1.d4 Nf6 2.c4 e6 3.Nc3 Bb4 4.f3 d5 5.a3 Be7 6.e4 c5 7.cxd5 exd5 8.e5 Nfd7
9.Nxd5 cxd4 10.Nxe7 Qxe7 11.f4 f6 12.Qxd4 fxe5 13.Qe3 Nc6 14.Nf3 O-O 15.Bc4+ Kh8
16.O-O Rxf4 17.Bd5 Nf6 18.Bxc6 bxc6 19.Qxe5 Qxe5 20.Nxe5 Rxf1+ 21.Kxf1 Ba6+
22.Kg1 Re8 23.Bf4 c5 24.Rc1 c4 25.Bg3 h6 26.Nxc4 Re2 27.b4 Bb7 28.Nd6  1/2-1/2

[Event "Budapest"]
[Site "Budapest"]
[Date "1988.??.??"]
[Round "?"]
[White "Danner, Georg"]
[Black "Lau, Ralf"]
[Result "0-1"]
[WhiteElo "2425"]
[BlackElo "2540"]

1.d4 Nf6 2.c4 e6 3.Nc3 Bb4 4.f3 c5 5.d5 exd5 6.cxd5 O-O 7.e4 Re8 8.Ne2 d6
9.Ng3 a6 10.Be2 Nbd7 11.O-O Nf8 12.Qc2 h6 13.Nd1 b5 14.Ne3 c4 15.Nef5 Bc5+
16.Kh1 Ng6 17.b3 cxb3 18.axb3 Bxf5 19.Nxf5 Ne7 20.Ng3 Qb6 21.Bd2 b4 22.Qd3 a5
23.Qb5 Qxb5 24.Bxb5 Reb8 25.Bd3 Nd7 26.Rfc1 Bd4 27.Rab1 Nc5 28.Rc4 Be5 29.Bc2 g5
30.Ne2 Nc8 31.Bd1 Nb6 32.Rcc1 a4 33.bxa4 Nbxa4 34.Bxa4 Rxa4 35.Bc3 Bxc3 36.Nxc3 Raa8
37.Nd1 b3 38.Nb2 Ra2 39.Rc4 Rba8 40.h4 Ra1 41.Rcc1 Rxb1 42.Rxb1 Kf8 43.hxg5 hxg5
44.Kh2 Ke7 45.Kg3 Ra2 46.Kg4 Kf6 47.g3 Kg6 48.Nc4 Nd3 49.f4 b2 50.fxg5 Ra4
51.Nd2 Ra1 52.Kf3 Ne5+ 53.Ke2 Nc4 54.Kd3 Nxd2 55.Rxb2 Nf3 56.Rb6 Ne5+ 57.Kc2 Re1
58.Rxd6+ Kxg5 59.Rd8 Rxe4 60.Kc3 Kf6  0-1

[Event "BCA op"]
[Site "Buenos Aires"]
[Date "1988.??.??"]
[Round "?"]
[White "Rodriguez, Jorge Luis"]
[Black "Lida Garcia, Fernando"]
[Result "1-0"]
[WhiteElo "2275"]
[BlackElo "2235"]

1.d4 Nf6 2.c4 e6 3.Nc3 Bb4 4.f3 d5 5.a3 Bxc3+ 6.bxc3 O-O 7.cxd5 exd5 8.e3 Re8
9.Bd3 c5 10.Ne2 Nc6 11.O-O b6 12.Ng3 Qc7 13.Ra2 Bd7 14.Bb1 Rad8 15.Qd3 g6
16.e4 Re6 17.e5 Ne8 18.f4 Ne7 19.f5 Rc6 20.Bg5 Bc8 21.f6 Nf5 22.Nxf5 Bxf5
23.Rxf5 cxd4 24.cxd4 gxf5 25.Qxf5 Rc1+ 26.Bxc1 Qxc1+ 27.Kf2 Qh6 28.Rc2 Qh4+
29.Kf1 Qxd4 30.Rd2 Qh4 31.Rd4 Qh6 32.Rg4+ Kh8 33.Rg5 d4 34.Qf4 d3 35.Rg8+  1-0

[Event "Calcutta"]
[Site "Calcutta"]
[Date "1988.??.??"]
[Round "?"]
[White "Murshed, Niaz"]
[Black "Hernandez, Roman"]
[Result "1-0"]
[WhiteElo "2455"]
[BlackElo "2445"]

1.d4 Nf6 2.c4 e6 3.Nc3 Bb4 4.f3 d5 5.a3 Bxc3+ 6.bxc3 O-O 7.cxd5 exd5 8.Bg5 h6
9.Bh4 Re8 10.Bf2 Nbd7 11.e3 c5 12.Bd3 Qa5 13.Kf1 c4 14.Bc2 Qxc3 15.Ne2 Qa5
16.g4 Nb6 17.Ng3 c3 18.h4 Nc4 19.g5 Rxe3 20.gxf6 Rxf3 21.Qxf3 Nd2+ 22.Kg2 Nxf3
23.Kxf3 g6 24.Rae1 Qb6 25.Nh5 Bf5 26.Bxf5 gxh5 27.Re5 Qxf6 28.Ke2 Qa6+ 29.Bd3 Qxa3
30.Rg1+ Kh8 31.Be3 Rc8 32.Rxh5 Rc6 33.Bxh6  1-0

[Event "Calcutta"]
[Site "Calcutta"]
[Date "1988.??.??"]
[Round "?"]
[White "Murshed, Niaz"]
[Black "Mithrakanth, Poorna Sharma"]
[Result "1-0"]
[WhiteElo "2455"]
[BlackElo "2320"]

1.d4 Nf6 2.c4 e6 3.Nc3 Bb4 4.f3 d5 5.a3 Bxc3+ 6.bxc3 c5 7.cxd5 exd5 8.e3 O-O
9.Bd3 b6 10.Ne2 Ba6 11.O-O Bxd3 12.Qxd3 Nbd7 13.Ng3 Re8 14.Ra2 g6 15.e4 cxd4
16.cxd4 Kg7 17.e5 Ng8 18.f4 f5 19.Nxf5+ gxf5 20.Qxf5 Ne7 21.Qh5 Rc8 22.f5 Kh8
23.Bg5 Rc4 24.e6  1-0

[Event "Cannes op"]
[Site "Cannes"]
[Date "1988.??.??"]
[Round "?"]
[White "Sahovic, Dragutin"]
[Black "Miralles, Gilles"]
[Result "1-0"]
[WhiteElo "2460"]
[BlackElo "2430"]

1.d4 Nf6 2.c4 e6 3.Nc3 Bb4 4.f3 d5 5.a3 Bxc3+ 6.bxc3 c5 7.cxd5 exd5 8.e3 Nc6
9.Bd3 O-O 10.Ne2 Ne7 11.g4 Ng6 12.Ng3 Re8 13.O-O h6 14.Ra2 Qa5 15.Bd2 c4
16.Bc2 Bd7 17.Qb1 Nh4 18.Qe1 Qd8 19.Nf5 Nxf5 20.gxf5 Qc8 21.Qb1 Bc6 22.Rf2 Qd7
23.Qe1 Re7 24.Rg2 Kh7 25.Qg3 Rg8 26.Rb2 Qe8 27.Kf2 b6 28.Bc1 Qb8 29.Qh4 Qd6
30.Ra2 b5 31.Bd2 a5 32.Ra1 Ree8 33.Rag1 Qxa3 34.e4  1-0

[Event "Capablanca mem-A"]
[Site "Cienfuegos"]
[Date "1988.??.??"]
[Round "?"]
[White "Dorfman, Josif D"]
[Black "Rivas Pastor, Manuel"]
[Result "1-0"]
[WhiteElo "2520"]
[BlackElo "2505"]

1.c4 Nf6 2.Nc3 e6 3.d4 Bb4 4.f3 d5 5.a3 Be7 6.e4 dxe4 7.fxe4 e5 8.d5 Bc5
9.Nf3 Bg4 10.h3 Bh5 11.g4 Bg6 12.b4 Be7 13.Bd3 Nfd7 14.h4 h5 15.g5 a5 16.Rb1 axb4
17.axb4 b6 18.Rh2 O-O 19.Kf1 Na6 20.Rhb2 Nxb4 21.Rxb4 Bxb4 22.Rxb4 Qe7 23.Rb5 Nc5
24.Bc2 f5 25.gxf6 gxf6 26.Kg2 Kh8 27.Kh2 Rg8 28.d6 cxd6 29.Rxb6 Rad8 30.Be3 Qg7
31.Qg1 Qh7 32.Bxc5 dxc5 33.Qf2 Rgf8 34.Nd5 Bxe4 35.Nxf6 Rxf6 36.Rxf6 Bxc2
37.Ng5  1-0